English-Russian dictionary / (Record no. 144479)

MARC details
000 -LEADER
campo de control de longitud fija 00592nam a2200193 i 4500
001 - NÚMERO DE CONTROL
campo de control 144479
003 - IDENTIFICADOR DE NÚMERO DE CONTROL
campo de control ES-MaACL
005 - FECHA Y HORA DE LA ÚLTIMA TRANSACCIÓN
campo de control 20230906201028.0
007 - CAMPO FIJO DE DESCRIPCIÓN FÍSICA--INFORMACIÓN GENERAL
campo de control de longitud fija t|
008 - DATOS DE LONGITUD FIJA--INFORMACIÓN GENERAL
campo de control de longitud fija 070214s1938 xxr r ||||1| eng d
100 1# - ENTRADA PRINCIPAL--NOMBRE DE PERSONA
Nombre de persona Silpert, Ph.
9 (RLIN) 106356
245 10 - MENCIÓN DEL TÍTULO
Título English-Russian dictionary /
Mención de responsabilidad, etc. by Ph. Silpert, S. Abram ; revised by R. A. Zavetskaia.
260 ## - PUBLICACIÓN, DISTRIBUCIÓN, ETC.
Lugar de publicación, distribución, etc. Moscou :
Nombre del editor, distribuidor, etc. [s.n.],
Fecha de publicación, distribución, etc. 1938.
300 ## - DESCRIPCIÓN FÍSICA
Extensión 278 p. ;
Dimensiones 13 cm.
650 #4 - PUNTO DE ACCESO ADICIONAL DE MATERIA--TÉRMINO DE MATERIA
Término de materia o nombre geográfico como elemento de entrada Lengua rusa-
Subdivisión general Diccionarios-
-- Inglés.
9 (RLIN) 154576
700 1# - ENTRADA AGREGADA--NOMBRE PERSONAL
Nombre de persona Abram, S.
9 (RLIN) 18130
700 1# - ENTRADA AGREGADA--NOMBRE PERSONAL
Nombre de persona Zavetskaia, R. A.
9 (RLIN) 118113
852 ## - LOCALIZACIÓN
Ubicación ES-MaACL
Número de control de estantería F-15839
Sublocalización o colección R.20620
Holdings
Estatus retirado Estado de pérdida Estado de daño No para préstamo Biblioteca de origen Biblioteca actual Ubicación en estantería Fecha de adquisición Fuente de adquisición Total de préstamos Signatura topográfica completa Código de barras Visto por última vez Precio de reemplazo Tipo de ítem Koha
        Biblioteca del Ateneo de Madrid Biblioteca del Ateneo de Madrid Sala Pecera Planta 2 17/01/2008     F-15839 1150322 23/02/2023 23/02/2023 Libro impreso